00445nam a22001577a 450000500170000001000150001702000260003203500140005803700090007208200060008110000200008724500410010726000580014827000600020630000210026620220208144830.0 aENG-131462 a9788193944455c251.00 aEN-114994 bDBAD aN aAnand, Jitendra aVerdict of Mahakaal/cJitendra Anand aNoidabJitendra Anand Infratech Private Limitedc2019 a2203, Express Trade Towers-2, Sector-132bNoidae201304 a191p.c22cm(pbk)